00884nam a2200205 a 450000500170000000800410001702000150005804000270007304100080010004400070010808200180011511000620013324501030019526000860029830000600038465000480044465000530049265000700054565000630061520160122090855.0140520s2006 ck do fr|||| 000 0 spa d a9588188091 aCO-BoIAVH cCO-BoIAVH 0 aspa ack04a551.302bC25e2 bColombiaaCorporación Autóma Regional de Cundinamarca10aExperiencias y resultados en control de erosión en el territorio CAR :bproyecto Checua - PROCAS aBogotá :bCorporación Autóma Regional de Cundinamarca :bGTZ :bKEW,c2006. a62 páginas :bGráficos, fotografías;c28 x 22 cm. 4aErosiónxcontrolzCundinamarca (Colombia) 4aErosiónxPrevenciónzCundinamarca (Colombia) 4aPrevención de daños por inundacioneszCundinamarca (Colombia) 4aManejo de cuencas hidrográficaszCundinamarca (Colombia)